000 00986nam a2200265Ia 4500
003 OSt
005 20221005111204.0
006 a|||||r|||| 00| 0
007 ta
008 221004b |||||||| |||| 00| 0 hin d
020 _a8181437571 (hbk)
_c500
024 _a20081
037 _b519, 21/03/2015, Vani Prakashan
_cTextual
040 _aCRL
_cCRL
_bhin
041 _2hin
_ahin
082 _aO164,1G08x, 152P0
100 _aख़सरो, अमीर
245 0 _aग़ज़ल 2000
_b धूप जनवरी की, फूल दिसम्बर के
246 _aग़ज़l 2000: dhūp janavarī kī, fūl disambar ke
260 _aनई दिल्ली
_bवाणी प्रकाशन भारत
_c2007
300 _a137पृ0
_ccm.
650 _aपरशियन कविता
942 _hO164,1G08x, 152P0
_cTEXL
_2cc
999 _c1021097
_d1021097